书目信息 |
| 题名: |
职业生涯规划—学习、就业与创业指导实操
|
|
| 作者: | 刘德恩 | |
| 分册: | ||
| 出版信息: | 北京 北京师范大学出版社 2006.08 |
|
| 页数: | 184页 | |
| 开本: | 20cm | |
| 丛书名: | ||
| 单 册: | ||
| 中图分类: | C913.2 | |
| 科图分类: | ||
| 主题词: | 社会生活 , 社会问题 | |
| 电子资源: | ||
| ISBN: | 7-303-08083-X | |
| 000 | 00608nam0 2200229 45 | |
| 001 | 0933033156 | |
| 005 | 20091015091248.32 | |
| 010 | @a7-303-08083-X@dCNY21.00 | |
| 100 | @a20090515d2006 ekmy0 y0120 ea | |
| 102 | @aCN@b130000 | |
| 102 | @aCN@b110000 | |
| 105 | @ay z 000yy | |
| 200 | 1 | @a职业生涯规划—学习、就业与创业指导实操@f刘德恩@Fliu de en |
| 210 | @a北京@c北京师范大学出版社@d2006.08 | |
| 215 | @a184页@d20cm | |
| 606 | 0 | @a社会生活 |
| 606 | 0 | @a社会问题 |
| 690 | @aC913.2@v4 | |
| 701 | 0 | @a刘德恩@Aliu de en |
| 801 | 0 | @aCN@c20091015 |
| 905 | @a10447@dC913.2@eL601 | |
| 906 | @d21@n2@r1 | |
| 职业生涯规划—学习、就业与创业指导实操/刘德恩.-北京:北京师范大学出版社,2006.08 |
| 184页;20cm |
| ISBN 7-303-08083-X:CNY21.00 |
| ● |
| 相关链接 |
|
|
|
正题名:职业生涯规划—学习、就业与创业指导实操
索取号:C913.2/L601
 
预约/预借
| 序号 | 登录号 | 条形码 | 馆藏地/架位号 | 状态 | 备注 |
| 1 | 895361 | 208953612 | 社科库509/509社科库 61排6列5层/ [索取号:C913.2/L601] | 在馆 | |
| 2 | 895362 | 208953621 | 社科库509/509社科库 61排6列5层/ [索取号:C913.2/L601] | 在馆 |